| 000 | 00896nam a22002297a 4500 | ||
|---|---|---|---|
| 999 |
_c18873 _d18873 |
||
| 003 | AR-CdUCM | ||
| 008 | 190515b ||||| |||| 00| 0 spa d | ||
| 040 |
_aMUNICIPALIDAD PROVINCIAL DEL CUSCO _cBIBLIOTECA MUNICIPAL DEL CUSCO |
||
| 082 |
_a347.51 / _bM17 |
||
| 100 |
_aMaisch von Humboldt, Lucrecia _939764 |
||
| 245 | _aLa sociedad anónima y la sociedad comercial de responsabilidad limitada en la ley de 1966 / | ||
| 260 |
_aLima : _bUniversitaria, _c1966. |
||
| 300 |
_a222 páginas ; _c22.5 cm. |
||
| 505 | _aContenido: Disposiciones generales -- De la sociedad colectiva -- De la sociedad en comandita simple -- De la sociedad anónima ... | ||
| 650 |
_aSociedades comerciales _98648 |
||
| 650 |
_aSociedades anónimas _95290 |
||
| 650 |
_aLegislación _92962 |
||
| 650 |
_aPerú _935 |
||
| 700 |
_aSimas de Souza, Cecilia _939765 |
||
| 942 |
_2ddc _cLIBROS |
||
| 945 |
_aacv _d2019-05-15 |
||